Variability of Gait Parameters in Different Daily Situations

Bibliographic Details
Main Authors: Šimšík, Dušan, 1950- (Author), Galajdová, Alena, 1961- (Author), Dolná, Zlatica (Author)
Format: Article
Language:English

MARC

LEADER 00000nab a2200000 a 4500
001 vtls011115608
003 SK-MaSNL
005 20260303142757.0
008 230222|2010 xo |||||||||||||||||eng|
015 |a SNBRB 
035 |a (uuid)b5c2a27c-e10a-4cd8-9ba4-6beb3f95a47d 
035 |a (urnnbn)urn:nbn:sk:snk:ar-a08k5b 
035 |a urn:nbn:sk:snk-ab9mct 
040 |a SNKBUCL  |b slo  |c SNKBUCL  |e AACR2 
041 0 |a eng 
044 |a xo  |c SK 
100 1 |a Šimšík, Dušan,  |d 1950-  |4 aut  |9 193591 
245 1 0 |a Variability of Gait Parameters in Different Daily Situations  |c Dušan Šimšík, Alena Galajdová, Zlatica Dolná 
700 1 |a Galajdová, Alena,  |d 1961-  |4 aut  |9 157582 
700 1 |a Dolná, Zlatica  |4 aut  |9 474991 
773 0 |t Acta Mechanica Slovaca  |g Roč. 14, č. 1 (2010), s. 26-35 
958 |a OND 
958 |a EUIPO 
958 |a article13 
999 |c 1986128  |d 1988058